Ahsan e Taqweem (Record no. 322940)

000 -LEADER
fixed length control field 00277 a2200121 4500
001 - CONTROL NUMBER
control field 87867
003 - CONTROL NUMBER IDENTIFIER
control field NUST
005 - DATE AND TIME OF LATEST TRANSACTION
control field 20180124143158.0
008 - FIXED-LENGTH DATA ELEMENTS--GENERAL INFORMATION
fixed length control field 180124b xxu||||| |||| 00| 0 eng d
082 ## - DEWEY DECIMAL CLASSIFICATION NUMBER
Classification number 297.4 RAF
100 ## - MAIN ENTRY--PERSONAL NAME
Personal name Rafique Ahmad Akhtar
9 (RLIN) 9716
245 ## - TITLE STATEMENT
Title Ahsan e Taqweem
260 ## - PUBLICATION, DISTRIBUTION, ETC.
Place of publication, distribution, etc. Lahore
Name of publisher, distributor, etc. Sang e Meel Pub
Date of publication, distribution, etc. 2010
300 ## - PHYSICAL DESCRIPTION
Extent 254p
942 ## - ADDED ENTRY ELEMENTS (KOHA)
Institution code [OBSOLETE] CAE NUST
Koha item type Book
Call number prefix 297.4 RAF
Source of classification or shelving scheme
Holdings
Withdrawn status Lost status Damaged status Not for loan Collection code Permanent Location Current Location Date acquired Total Checkouts Full call number Barcode Date last seen Price effective from Koha item type
          College of Aeronautical Engineering (CAE) College of Aeronautical Engineering (CAE) 04/03/2017   297.4 RAF CAE85947 04/05/2017 04/05/2017 Book
© 2023 Central Library, National University of Sciences and Technology. All Rights Reserved.